| 000 | 00427nam a2200145Ia 4500 | ||
|---|---|---|---|
| 003 | OSt | ||
| 005 | 20260122123733.0 | ||
| 008 | 211028s2015 xx 000 0 und d | ||
| 040 | _cAIMIT LIBRARY | ||
| 041 | _aeng | ||
| 100 |
_aMohammed, Naval;Pereira, Divya. _g1316094 _97366 |
||
| 245 | _aStudy on reasons for employee absenteeism at prestige board pvt ltd / | ||
| 260 |
_aMangalore _bDivya Pereira. _c2015 |
||
| 942 |
_2ddc _cPRO |
||
| 999 |
_c218936 _d218936 |
||